Essentials of college English / (Record no. 5625)

000 -LEADER
fixed length control field 01230cam a2200325 a 4500
001 - CONTROL NUMBER
control field 12137130
003 - CONTROL NUMBER IDENTIFIER
control field OSt
005 - DATE AND TIME OF LATEST TRANSACTION
control field 20220425120817.0
008 - FIXED-LENGTH DATA ELEMENTS--GENERAL INFORMATION
fixed length control field 000810s2002 ohu 001 0 eng
010 ## - LIBRARY OF CONGRESS CONTROL NUMBER
LC control number 00063749
020 ## - INTERNATIONAL STANDARD BOOK NUMBER
International Standard Book Number 0324070659 (pbk. : alk. paper)
040 ## - CATALOGING SOURCE
Original cataloging agency DLC
Transcribing agency DLC
Modifying agency DLC
050 00 - LIBRARY OF CONGRESS CALL NUMBER
Classification number PE1408
Item number .G923 2002
082 00 - DEWEY DECIMAL CLASSIFICATION NUMBER
Classification number 808/.042
Edition number 21
100 1# - MAIN ENTRY--PERSONAL NAME
Personal name Guffey, Mary Ellen.
245 10 - TITLE STATEMENT
Title Essentials of college English /
Statement of responsibility, etc. Mary Ellen Guffey, Carolyn M. Seefer ; edited by Elizabeth T. Tice.
246 30 - VARYING FORM OF TITLE
Title proper/short title College English
250 ## - EDITION STATEMENT
Edition statement 2nd ed.
260 ## - PUBLICATION, DISTRIBUTION, ETC.
Place of publication, distribution, etc. Cincinnati, Ohio :
Name of publisher, distributor, etc. South-Western,
Date of publication, distribution, etc. c2002.
300 ## - PHYSICAL DESCRIPTION
Extent v, 193 p. ;
Dimensions 28 cm.
504 ## - BIBLIOGRAPHY, ETC. NOTE
Bibliography, etc. note Includes index.
650 #0 - SUBJECT ADDED ENTRY--TOPICAL TERM
Topical term or geographic name entry element English language
General subdivision Rhetoric.
650 #0 - SUBJECT ADDED ENTRY--TOPICAL TERM
Topical term or geographic name entry element English language
General subdivision Grammar
Form subdivision Problems, exercises, etc.
650 #0 - SUBJECT ADDED ENTRY--TOPICAL TERM
Topical term or geographic name entry element Report writing
Form subdivision Problems, exercises, etc.
700 1# - ADDED ENTRY--PERSONAL NAME
Personal name Seefer, Carolyn M.
700 1# - ADDED ENTRY--PERSONAL NAME
Personal name Tice, Elizabeth T.
906 ## - LOCAL DATA ELEMENT F, LDF (RLIN)
a 7
b cbc
c orignew
d 1
e ocip
f 20
g y-gencatlg
942 ## - ADDED ENTRY ELEMENTS (KOHA)
Source of classification or shelving scheme
Koha item type Book
Suppress in OPAC CM
Holdings
Withdrawn status Lost status Source of classification or shelving scheme Damaged status Not for loan Permanent Location Current Location Shelving location Date acquired Source of acquisition Total Checkouts Full call number Barcode Date last seen Price effective from Koha item type Public note
          AU LIBRARY AU LIBRARY Open Shelf 25.04.2022 DONATION FROM MOI UNIVERSITY   PE1408 .G923 2002 28001806 25.04.2022 25.04.2022 Book CM

Powered by Koha